[Event "Torneo Aficionados Sub-2000 Utiel"]
[Site "Utiel, Spain"]
[Date "2018.08.26"]
[Round "6.2"]
[White "Galindo Montoya, Diego"]
[Black "Perez Perez, Eugenio"]
[Result "0-1"]
[WhiteElo "1912"]
[BlackElo "1844"]
[PlyCount "86"]
[EventDate "2018.??.??"]

1. c4 {[%clk 00:07:03]} 1... b6 {[%clk 00:07:04]  [%emt 00:00:03]} 2. Nc3 {
[%clk 00:07:04]} 2... Bb7 {[%clk 00:07:05]  [%emt 00:00:03]} 3. e4 {
[%clk 00:07:05]  [%emt 00:00:04]} 3... e6 {[%clk 00:07:05]  [%emt 00:00:10]} 4.
d3 {[%clk 00:07:04]} 4... c5 {[%clk 00:07:05]} 5. g3 {[%clk 00:07:06]} 5... Nc6
{[%clk 00:07:02]  [%emt 00:00:08]} 6. Bg2 {[%clk 00:07:06]  [%emt 00:00:03]}
6... d6 {[%clk 00:06:59]  [%emt 00:00:03]} 7. Nge2 {[%clk 00:07:07]} 7... Nf6 {
[%clk 00:07:00]  [%emt 00:00:03]} 8. O-O {[%clk 00:07:07]  [%emt 00:00:03]}
8... Be7 {[%clk 00:07:02]  [%emt 00:00:08]} 9. d4 {
[%clk 00:06:53]  [%emt 00:00:08]} 9... O-O {[%clk 00:06:54]  [%emt 00:00:35]}
10. d5 {[%clk 00:06:51]  [%emt 00:00:06]} 10... exd5 {[%clk 00:06:53]} 11. exd5
{[%clk 00:06:50]} 11... Ne5 {[%clk 00:06:52]} 12. b3 {
[%clk 00:06:42]  [%emt 00:00:04]} 12... Bc8 {[%clk 00:06:48]  [%emt 00:00:04]}
13. f4 {[%clk 00:05:44]  [%emt 00:00:59]} 13... Ng6 {
[%clk 00:06:35]  [%emt 00:00:14]} 14. Bb2 {[%clk 00:05:28]  [%emt 00:00:20]}
14... Bg4 {[%clk 00:06:27]  [%emt 00:00:13]} 15. h3 {
[%clk 00:05:14]  [%emt 00:00:15]} 15... Bd7 {[%clk 00:06:05]  [%emt 00:00:24]}
16. Qd3 {[%clk 00:04:42]  [%emt 00:00:36]} 16... Re8 {
[%clk 00:06:00]  [%emt 00:00:34]} 17. Rae1 {[%clk 00:04:42]} 17... Bf8 {
[%clk 00:05:45]  [%emt 00:00:03]} 18. Kh2 {[%clk 00:04:41]  [%emt 00:00:03]}
18... Qc8 {[%clk 00:05:31]  [%emt 00:00:10]} 19. Ng1 {
[%clk 00:04:36]  [%emt 00:00:12]} 19... Bf5 {[%clk 00:05:26]  [%emt 00:00:12]}
20. Rxe8 {[%clk 00:03:54]  [%emt 00:00:36]} 20... Nxe8 {
[%clk 00:05:23]  [%emt 00:00:08]} 21. Qd2 {[%clk 00:03:52]  [%emt 00:00:07]}
21... Nf6 {[%clk 00:05:08]  [%emt 00:01:02]} 22. Re1 {[%clk 00:03:48]} 22...
Ne7 {[%clk 00:04:32]} 23. Nb5 {[%clk 00:03:38]  [%emt 00:00:14]} 23... Ne8 {
[%clk 00:04:23]  [%emt 00:00:10]} 24. Nf3 {[%clk 00:02:40]  [%emt 00:01:00]}
24... a6 {[%clk 00:04:24]  [%emt 00:00:21]} 25. Nc3 {[%clk 00:02:42]} 25... Ng6
{[%clk 00:03:55]  [%emt 00:00:20]} 26. Ne4 {[%clk 00:02:31]  [%emt 00:00:19]}
26... Bxe4 {[%clk 00:03:48]  [%emt 00:00:06]} 27. Rxe4 {[%clk 00:02:32]} 27...
Qf5 {[%clk 00:03:33]  [%emt 00:00:13]} 28. Qe2 {
[%clk 00:02:12]  [%emt 00:00:29]} 28... Nf6 {[%clk 00:03:16]  [%emt 00:00:14]}
29. g4 {[%clk 00:01:59]  [%emt 00:00:17]} 29... Qxe4 {
[%clk 00:03:00]  [%emt 00:00:18]} 30. Qf2 {[%clk 00:01:44]  [%emt 00:00:44]}
30... Qxf4+ {[%clk 00:02:58]} 31. Kg1 {[%clk 00:01:40]} 31... Ne4 {
[%clk 00:02:51]  [%emt 00:00:04]} 32. Qc2 {[%clk 00:01:13]  [%emt 00:00:22]}
32... Re8 {[%clk 00:02:48]  [%emt 00:00:33]} 33. Bc1 {[%clk 00:01:15]} 33...
Qf6 {[%clk 00:02:31]  [%emt 00:00:07]} 34. g5 {[%clk 00:01:04]  [%emt 00:00:09]
} 34... Qe7 {[%clk 00:02:12]  [%emt 00:00:14]} 35. h4 {
[%clk 00:00:49]  [%emt 00:00:20]} 35... Ng3 {[%clk 00:02:09]  [%emt 00:00:05]}
36. Kh2 {[%clk 00:00:34]  [%emt 00:00:42]} 36... Ne2 {
[%clk 00:01:57]  [%emt 00:00:03]} 37. h5 {[%clk 00:00:30]  [%emt 00:00:04]}
37... Ngf4 {[%clk 00:01:44]  [%emt 00:00:05]} 38. Qf5 {
[%clk 00:00:23]  [%emt 00:00:17]} 38... Nxg2 {[%clk 00:01:33]  [%emt 00:00:38]}
39. Bb2 {[%clk 00:00:22]} 39... g6 {[%clk 00:01:12]  [%emt 00:00:03]} 40. hxg6
{[%clk 00:00:22]  [%emt 00:00:03]} 40... fxg6 {[%clk 00:01:08]  [%emt 00:00:07]
} 41. Qc2 {[%clk 00:00:12]  [%emt 00:00:12]} 41... Ngf4 {[%clk 00:01:09]} 42.
Bf6 {[%clk 00:00:12]  [%emt 00:00:08]} 42... Qe4 {
[%clk 00:01:04]  [%emt 00:00:17]} 43. Qb2 {[%clk 00:00:14]  [%emt 00:00:03]}
43... Qxf3 {[%clk 00:01:01]} 0-1

[Event "Torneo Aficionados Sub-2000 Utiel"]
[Site "Utiel, Spain"]
[Date "2018.08.26"]
[Round "6.3"]
[White "Fernandez Garcia, Olmo"]
[Black "Martinez Escandell, Alfonso"]
[Result "1-0"]
[WhiteElo "1834"]
[BlackElo "1895"]
[PlyCount "121"]
[EventDate "2018.??.??"]

1. e4 {[%clk 00:07:04]  [%emt 00:00:06]} 1... c5 {[%clk 00:07:06]} 2. Nf3 {
[%clk 00:07:05]  [%emt 00:00:05]} 2... e6 {[%clk 00:07:08]} 3. d4 {
[%clk 00:07:06]} 3... cxd4 {[%clk 00:07:10]} 4. Nxd4 {[%clk 00:07:07]} 4... Bc5
{[%clk 00:07:12]  [%emt 00:00:05]} 5. Nc3 {[%clk 00:07:02]  [%emt 00:00:07]}
5... Qb6 {[%clk 00:07:12]  [%emt 00:00:05]} 6. Nce2 {
[%clk 00:05:51]  [%emt 00:01:09]} 6... Nc6 {[%clk 00:07:12]  [%emt 00:00:06]}
7. c3 {[%clk 00:05:48]  [%emt 00:00:06]} 7... Nf6 {
[%clk 00:07:13]  [%emt 00:00:09]} 8. Qd3 {[%clk 00:05:06]  [%emt 00:00:38]}
8... O-O {[%clk 00:07:03]  [%emt 00:00:08]} 9. b4 {
[%clk 00:03:54]  [%emt 00:01:16]} 9... Bxd4 {[%clk 00:07:01]  [%emt 00:00:05]}
10. Nxd4 {[%clk 00:03:52]  [%emt 00:00:05]} 10... Nxd4 {
[%clk 00:07:00]  [%emt 00:00:05]} 11. cxd4 {[%clk 00:03:25]  [%emt 00:00:29]}
11... Qxb4+ {[%clk 00:07:01]  [%emt 00:00:05]} 12. Bd2 {[%clk 00:03:27]} 12...
Qb6 {[%clk 00:06:53]  [%emt 00:00:10]} 13. Be2 {
[%clk 00:03:08]  [%emt 00:00:21]} 13... d5 {[%clk 00:06:52]  [%emt 00:00:05]}
14. e5 {[%clk 00:03:07]  [%emt 00:00:15]} 14... Ne4 {[%clk 00:06:54]} 15. Rb1 {
[%clk 00:02:52]  [%emt 00:00:08]} 15... Qd8 {[%clk 00:06:30]  [%emt 00:00:31]}
16. Bb4 {[%clk 00:02:44]  [%emt 00:00:06]} 16... Re8 {
[%clk 00:06:30]  [%emt 00:00:06]} 17. f3 {[%clk 00:02:33]  [%emt 00:00:23]}
17... Qh4+ {[%clk 00:06:31]} 18. g3 {[%clk 00:01:47]  [%emt 00:00:39]} 18...
Nxg3 {[%clk 00:06:31]  [%emt 00:00:05]} 19. hxg3 {
[%clk 00:01:36]  [%emt 00:00:14]} 19... Qxh1+ {[%clk 00:06:32]} 20. Kd2 {
[%clk 00:01:36]  [%emt 00:00:06]} 20... Qh6+ {[%clk 00:06:32]  [%emt 00:00:05]}
21. f4 {[%clk 00:01:28]  [%emt 00:00:06]} 21... Bd7 {
[%clk 00:06:33]  [%emt 00:00:06]} 22. Bd6 {[%clk 00:01:27]  [%emt 00:00:05]}
22... Bc6 {[%clk 00:06:29]  [%emt 00:00:04]} 23. Qf3 {
[%clk 00:00:59]  [%emt 00:00:33]} 23... Qg6 {[%clk 00:06:21]  [%emt 00:00:07]}
24. Bd3 {[%clk 00:00:55]  [%emt 00:00:08]} 24... f5 {
[%clk 00:06:10]  [%emt 00:00:14]} 25. exf6 {[%clk 00:00:53]  [%emt 00:00:07]}
25... Qxf6 {[%clk 00:06:12]} 26. Be5 {[%clk 00:00:55]  [%emt 00:00:05]} 26...
Qe7 {[%clk 00:06:08]  [%emt 00:00:04]} 27. Qh5 {
[%clk 00:00:52]  [%emt 00:00:06]} 27... Qf7 {[%clk 00:04:44]  [%emt 00:01:24]}
28. Qxh7+ {[%clk 00:00:28]  [%emt 00:00:26]} 28... Kf8 {
[%clk 00:04:42]  [%emt 00:00:11]} 29. Bd6+ {[%clk 00:00:28]} 29... Re7 {
[%clk 00:04:40]  [%emt 00:00:13]} 30. Qh8+ {[%clk 00:00:28]} 30... Qg8 {
[%clk 00:04:42]} 31. Qxg8+ {[%clk 00:00:29]} 31... Kxg8 {[%clk 00:04:43]} 32.
Bxe7 {[%clk 00:00:30]  [%emt 00:00:05]} 32... Kf7 {
[%clk 00:04:40]  [%emt 00:00:05]} 33. Bd6 {[%clk 00:00:31]  [%emt 00:00:05]}
33... Rh8 {[%clk 00:04:41]} 34. Re1 {[%clk 00:00:26]  [%emt 00:00:06]} 34...
Rh3 {[%clk 00:04:20]  [%emt 00:00:22]} 35. f5 {[%clk 00:00:27]} 35... Bd7 {
[%clk 00:04:08]  [%emt 00:00:16]} 36. fxe6+ {[%clk 00:00:28]  [%emt 00:00:11]}
36... Bxe6 {[%clk 00:04:10]} 37. Bg6+ {[%clk 00:00:22]  [%emt 00:00:05]} 37...
Kf6 {[%clk 00:04:07]  [%emt 00:00:05]} 38. Bd3 {
[%clk 00:00:17]  [%emt 00:00:08]} 38... Bg4 {[%clk 00:03:57]  [%emt 00:00:09]}
39. Rf1+ {[%clk 00:00:19]} 39... Ke6 {[%clk 00:03:57]  [%emt 00:00:06]} 40. Bb8
{[%clk 00:00:19]  [%emt 00:00:04]} 40... Rh2+ {[%clk 00:03:56]  [%emt 00:00:04]
} 41. Ke3 {[%clk 00:00:20]} 41... Rxa2 {[%clk 00:03:53]  [%emt 00:00:07]} 42.
Kf4 {[%clk 00:00:21]  [%emt 00:00:05]} 42... Bh3 {
[%clk 00:03:52]  [%emt 00:00:04]} 43. Re1+ {[%clk 00:00:23]} 43... Kf7 {
[%clk 00:03:50]  [%emt 00:00:04]} 44. Bd6 {[%clk 00:00:22]  [%emt 00:00:04]}
44... Rd2 {[%clk 00:03:40]  [%emt 00:00:10]} 45. Ke3 {
[%clk 00:00:18]  [%emt 00:00:08]} 45... Ra2 {[%clk 00:03:40]  [%emt 00:00:06]}
46. Rh1 {[%clk 00:00:16]  [%emt 00:00:05]} 46... Bg4 {
[%clk 00:03:38]  [%emt 00:00:05]} 47. Rh4 {[%clk 00:00:17]  [%emt 00:00:05]}
47... Bd1 {[%clk 00:03:37]} 48. Rf4+ {[%clk 00:00:17]  [%emt 00:00:04]} 48...
Ke6 {[%clk 00:03:39]} 49. Be5 {[%clk 00:00:18]  [%emt 00:00:04]} 49... g5 {
[%clk 00:03:40]} 50. Rf6+ {[%clk 00:00:19]} 50... Ke7 {
[%clk 00:03:41]  [%emt 00:00:04]} 51. Rg6 {[%clk 00:00:18]  [%emt 00:00:04]}
51... g4 {[%clk 00:03:42]} 52. Bd6+ {[%clk 00:00:11]  [%emt 00:00:09]} 52...
Kf7 {[%clk 00:03:42]  [%emt 00:00:05]} 53. Rh6 {
[%clk 00:00:07]  [%emt 00:00:05]} 53... Bf3 {[%clk 00:03:39]  [%emt 00:00:06]}
54. Kf4 {[%clk 00:00:09]} 54... Rf2 {[%clk 00:03:32]  [%emt 00:00:12]} 55. Kg5
{[%clk 00:00:10]  [%emt 00:00:06]} 55... Rd2 {[%clk 00:03:29]  [%emt 00:00:05]}
56. Bf5 {[%clk 00:00:10]  [%emt 00:00:04]} 56... Be4 {
[%clk 00:03:23]  [%emt 00:00:04]} 57. Rh7+ {[%clk 00:00:12]} 57... Kg8 {
[%clk 00:03:21]  [%emt 00:00:10]} 58. Rxb7 {[%clk 00:00:05]  [%emt 00:00:07]}
58... Bxf5 {[%clk 00:03:21]  [%emt 00:00:06]} 59. Kxf5 {[%clk 00:00:06]} 59...
Rxd4 {[%clk 00:03:22]  [%emt 00:00:05]} 60. Kg6 {[%clk 00:00:06]} 60... Re4 {
[%clk 00:03:09]  [%emt 00:00:17]} 61. Rb8+ {[%clk 00:00:08]  [%emt 00:00:05]}
1-0

[Event "Torneo Aficionados Sub-2000 Utiel"]
[Site "Utiel, Spain"]
[Date "2018.08.26"]
[Round "6.4"]
[White "Lopez Escribano, Oscar"]
[Black "Buenafe Moya, Jesus"]
[Result "0-1"]
[WhiteElo "1792"]
[BlackElo "1848"]
[PlyCount "160"]
[EventDate "2018.??.??"]

1. d4 {[%clk 00:07:04]  [%emt 00:00:12]} 1... d5 {[%clk 00:07:04]} 2. Bf4 {
[%clk 00:07:06]} 2... Nf6 {[%clk 00:06:59]  [%emt 00:00:05]} 3. e3 {
[%clk 00:07:08]  [%emt 00:00:03]} 3... Bf5 {[%clk 00:06:51]  [%emt 00:00:06]}
4. c4 {[%clk 00:07:07]  [%emt 00:00:13]} 4... c6 {
[%clk 00:06:43]  [%emt 00:00:05]} 5. Qb3 {[%clk 00:07:08]  [%emt 00:00:04]}
5... Qb6 {[%clk 00:06:40]  [%emt 00:00:04]} 6. c5 {
[%clk 00:07:04]  [%emt 00:00:10]} 6... Qxb3 {[%clk 00:06:40]} 7. axb3 {
[%clk 00:07:05]  [%emt 00:00:09]} 7... Nbd7 {[%clk 00:06:27]  [%emt 00:00:06]}
8. Nf3 {[%clk 00:07:02]  [%emt 00:00:27]} 8... e6 {
[%clk 00:06:18]  [%emt 00:00:07]} 9. Nc3 {[%clk 00:06:50]  [%emt 00:00:24]}
9... Be7 {[%clk 00:05:48]  [%emt 00:00:09]} 10. h3 {
[%clk 00:06:50]  [%emt 00:00:31]} 10... O-O {[%clk 00:05:47]} 11. Be2 {
[%clk 00:06:46]  [%emt 00:00:06]} 11... b6 {[%clk 00:05:44]} 12. b4 {
[%clk 00:06:35]  [%emt 00:00:04]} 12... bxc5 {[%clk 00:05:29]  [%emt 00:00:13]}
13. bxc5 {[%clk 00:06:37]  [%emt 00:00:04]} 13... Nh5 {
[%clk 00:04:33]  [%emt 00:00:54]} 14. Bh2 {[%clk 00:06:39]  [%emt 00:00:17]}
14... Nhf6 {[%clk 00:04:08]  [%emt 00:00:19]} 15. O-O {
[%clk 00:06:21]  [%emt 00:00:12]} 15... Ne4 {[%clk 00:04:08]  [%emt 00:00:11]}
16. Nxe4 {[%clk 00:06:07]  [%emt 00:00:11]} 16... Bxe4 {
[%clk 00:04:02]  [%emt 00:00:32]} 17. Ra2 {[%clk 00:05:50]  [%emt 00:00:03]}
17... f6 {[%clk 00:03:52]  [%emt 00:00:07]} 18. Nd2 {
[%clk 00:05:48]  [%emt 00:00:05]} 18... Bg6 {[%clk 00:03:47]  [%emt 00:00:10]}
19. Rfa1 {[%clk 00:05:51]} 19... e5 {[%clk 00:03:03]  [%emt 00:00:49]} 20. Rxa7
{[%clk 00:05:51]  [%emt 00:00:03]} 20... Rxa7 {[%clk 00:02:36]  [%emt 00:00:25]
} 21. Rxa7 {[%clk 00:05:53]  [%emt 00:00:34]} 21... Rd8 {[%emt 00:00:03]} 22.
Nf3 {[%clk 00:05:29]  [%emt 00:00:12]} 22... Be4 {
[%clk 00:01:41]  [%emt 00:00:41]} 23. b4 {[%clk 00:05:19]  [%emt 00:00:15]}
23... Kf8 {[%clk 00:01:33]  [%emt 00:00:08]} 24. dxe5 {
[%clk 00:04:51]  [%emt 00:00:35]} 24... Bxf3 {[%clk 00:01:34]  [%emt 00:00:11]}
25. Bxf3 {[%clk 00:04:52]} 25... Nxe5 {[%clk 00:01:29]} 26. Bxe5 {
[%clk 00:04:13]  [%emt 00:00:54]} 26... fxe5 {[%clk 00:01:31]} 27. Rc7 {
[%clk 00:03:41]  [%emt 00:00:21]} 27... e4 {[%clk 00:01:18]  [%emt 00:00:17]}
28. Bg4 {[%clk 00:03:01]  [%emt 00:00:41]} 28... Rb8 {
[%clk 00:01:18]  [%emt 00:00:40]} 29. Rxc6 {[%clk 00:02:44]} 29... Rxb4 {
[%clk 00:01:20]} 30. Be6 {[%clk 00:02:39]} 30... g6 {
[%clk 00:01:08]  [%emt 00:00:20]} 31. Bxd5 {[%clk 00:02:25]  [%emt 00:00:07]}
31... Rb1+ {[%clk 00:01:10]  [%emt 00:00:03]} 32. Kh2 {[%clk 00:02:26]} 32...
Rb2 {[%clk 00:01:04]  [%emt 00:00:08]} 33. Rc8+ {
[%clk 00:02:13]  [%emt 00:00:15]} 33... Kg7 {[%clk 00:01:04]  [%emt 00:00:14]}
34. Rc7 {[%clk 00:02:07]  [%emt 00:00:03]} 34... Kf6 {[%clk 00:01:04]} 35. Bxe4
{[%clk 00:01:52]  [%emt 00:00:16]} 35... Rxf2 {[%clk 00:01:03]  [%emt 00:00:09]
} 36. Bf3 {[%clk 00:01:49]  [%emt 00:00:04]} 36... Rc2 {
[%clk 00:01:03]  [%emt 00:00:03]} 37. c6 {[%clk 00:01:44]  [%emt 00:00:05]}
37... Bd6+ {[%clk 00:01:04]  [%emt 00:00:23]} 38. Kg1 {[%clk 00:01:38]} 38...
Bxc7 {[%clk 00:01:06]} 39. Kf1 {[%clk 00:01:34]} 39... Ke5 {[%clk 00:01:08]}
40. Ke1 {[%clk 00:01:36]} 40... Rb2 {[%clk 00:01:08]  [%emt 00:00:40]} 41. Kf1
{[%clk 00:01:27]} 41... Bb6 {[%clk 00:01:08]} 42. Ke1 {[%clk 00:01:15]} 42...
Bxe3 {[%clk 00:01:09]} 43. c7 {[%clk 00:01:14]  [%emt 00:00:04]} 43... Rc2 {
[%clk 00:01:04]  [%emt 00:00:04]} 44. Bg4 {[%clk 00:01:03]  [%emt 00:00:11]}
44... Rxc7 {[%clk 00:01:04]  [%emt 00:00:13]} 45. Ke2 {[%clk 00:01:06]} 45...
Kd4 {[%clk 00:01:04]} 46. Bf3 {[%clk 00:01:04]} 46... Rc2+ {[%clk 00:01:05]}
47. Kd1 {[%clk 00:01:02]  [%emt 00:00:13]} 47... Rf2 {[%clk 00:01:03]} 48. Ke1
{[%clk 00:01:01]  [%emt 00:00:06]} 48... Kd3 {[%clk 00:01:03]} 49. h4 {
[%clk 00:00:50]  [%emt 00:00:18]} 49... Rb2 {[%clk 00:01:00]  [%emt 00:00:03]}
50. g4 {[%clk 00:00:27]  [%emt 00:00:26]} 50... Bf2+ {
[%clk 00:00:59]  [%emt 00:00:03]} 51. Kf1 {[%clk 00:00:20]  [%emt 00:00:08]}
51... Bxh4 {[%clk 00:01:00]  [%emt 00:00:10]} 52. g5 {
[%clk 00:00:18]  [%emt 00:00:04]} 52... Ke3 {[%clk 00:00:59]} 53. Bg4 {
[%clk 00:00:14]  [%emt 00:00:06]} 53... Kf4 {[%clk 00:00:58]  [%emt 00:00:04]}
54. Bd7 {[%clk 00:00:13]  [%emt 00:00:05]} 54... Bxg5 {
[%clk 00:00:57]  [%emt 00:00:10]} 55. Kg1 {[%clk 00:00:13]} 55... Be7 {
[%clk 00:00:57]} 56. Kf1 {[%clk 00:00:14]} 56... Bc5 {[%clk 00:00:59]} 57. Ke1
{[%clk 00:00:11]  [%emt 00:00:12]} 57... h5 {[%clk 00:01:00]  [%emt 00:00:03]}
58. Kf1 {[%clk 00:00:13]} 58... h4 {[%clk 00:01:03]} 59. Be6 {[%clk 00:00:14]}
59... Kg3 {[%clk 00:01:03]} 60. Bf7 {[%clk 00:00:08]  [%emt 00:00:10]} 60... h3
{[%clk 00:01:05]} 61. Bd5 {[%clk 00:00:06]  [%emt 00:00:11]} 61... h2 {
[%clk 00:00:59]  [%emt 00:00:06]} 62. Ke1 {[%clk 00:00:08]} 62... Rb1+ {
[%clk 00:00:53]  [%emt 00:00:09]} 63. Ke2 {[%clk 00:00:09]  [%emt 00:00:04]}
63... h1=Q {[%clk 00:00:48]  [%emt 00:00:05]} 64. Be6 {
[%clk 00:00:06]  [%emt 00:00:07]} 64... Qe1+ {[%clk 00:00:48]  [%emt 00:00:13]}
65. Kd3 {[%clk 00:00:08]} 65... Rd1+ {[%clk 00:00:48]} 66. Kc4 {[%clk 00:00:10]
} 66... Rc1+ {[%clk 00:00:48]} 67. Kb5 {[%clk 00:00:11]} 67... Qb4+ {
[%clk 00:00:49]  [%emt 00:00:04]} 68. Kc6 {[%clk 00:00:13]} 68... Qb6+ {
[%clk 00:00:49]  [%emt 00:00:03]} 69. Kd5 {[%clk 00:00:15]} 69... Rd1+ {
[%clk 00:00:51]} 70. Kc4 {[%clk 00:00:13]  [%emt 00:00:05]} 70... Qxe6+ {
[%clk 00:00:53]  [%emt 00:00:03]} 71. Kc3 {[%clk 00:00:15]} 71... Qe3+ {
[%clk 00:00:51]  [%emt 00:00:03]} 72. Kc4 {[%clk 00:00:17]  [%emt 00:00:07]}
72... Qd4+ {[%clk 00:00:52]} 73. Kb3 {[%clk 00:00:18]  [%emt 00:00:04]} 73...
Rb1+ {[%clk 00:00:53]} 74. Kc2 {[%clk 00:00:18]} 74... Qd1+ {
[%clk 00:00:51]  [%emt 00:00:07]} 75. Kc3 {[%clk 00:00:20]} 75... Bb4+ {
[%clk 00:00:52]  [%emt 00:00:04]} 76. Kc4 {[%clk 00:00:21]} 76... Qc2+ {
[%clk 00:00:52]  [%emt 00:00:03]} 77. Kd5 {[%clk 00:00:22]  [%emt 00:00:04]}
77... Rd1+ {[%clk 00:00:53]} 78. Ke6 {[%clk 00:00:22]  [%emt 00:00:07]} 78...
Qe2+ {[%clk 00:00:55]} 79. Kf6 {[%clk 00:00:23]  [%emt 00:00:04]} 79... Rd6+ {
[%clk 00:00:50]  [%emt 00:00:04]} 80. Kg5 {[%clk 00:00:23]  [%emt 00:00:15]}
80... Bd2# {[%clk 00:00:51]} 0-1